The Trauma of war : stress and recovery in Viet Nam veterans /

Bibliographic Details
Other Authors: Sonnenberg, Stephen M., 1940-, Blank, Arthur S., 1936-
Format: Book
Language:English
Published: Washington, D.C. : American Psychiatric Press, [1985]
Subjects:

MARC

Tag First Indicator Second Indicator Subfields
LEADER 00000cam a2200000 a 4500
001 in00000577366
005 20151014073404.0
008 850312s1985 dcu b 00100 eng d
010 |a  85006094  
020 |a 0880480483 :  |c $27.00 
035 |a (OCoLC)11867828 
035 |9 ACP4389AM 
039 0 |a 2  |b 3  |c 3  |d 3  |e 3 
040 |a DNLM/DLC  |c DLC  |d AGL  |d OCL  |d m/c  |d TXA  |d UtOrBLW 
043 |a n-us--- 
049 |a TXAM  |c [A10118577] 
050 0 0 |a RC552.P67  |b T75 1985 
060 0 |a WM 184 T777 
070 0 |a RC552.P67T75 
082 0 |a 616.85/212  |2 19 
245 0 4 |a The Trauma of war :  |b stress and recovery in Viet Nam veterans /  |c edited by Stephen M. Sonnenberg, Arthur S. Blank, Jr., John A. Talbott. 
264 1 |a Washington, D.C. :  |b American Psychiatric Press,  |c [1985] 
264 4 |c ©1985 
300 |a xxi, 453 pages ;  |c 24 cm. 
336 |a text  |b txt  |2 rdacontent 
337 |a unmediated  |b n  |2 rdamedia 
338 |a volume  |b nc  |2 rdacarrier 
504 |a Includes bibliographies and index. 
650 0 |a Post-traumatic stress disorder. 
650 0 |a Veterans  |x Mental health services  |z United States. 
650 0 |a Vietnam War, 1961-1975  |x Psychological aspects. 
650 2 |a Military Psychiatry. 
650 2 |a Social Adjustment. 
650 2 |a Stress Disorders, Post-Traumatic  |x therapy. 
650 2 |a Veterans  |x psychology. 
700 1 |a Sonnenberg, Stephen M.,  |d 1940- 
700 1 |a Blank, Arthur S.,  |d 1936- 
999 |a MARS 
999 f f |s bdebbf14-ccb0-3e9b-a834-6ae40f4ecfc2  |i 5e23d4d6-d814-3181-9cd2-1069d8b15b4b  |t 0 
952 f f |p normal  |a Texas A&M University  |b College Station  |c Sterling C. Evans Library  |d Evans: Library Stacks  |t 0  |e RC552.P67 T75 1985  |h Library of Congress classification  |i unmediated -- volume  |m A14810118577 
998 f f |a RC552.P67 T75 1985  |t 0  |l Evans: Library Stacks